Wszystkie polskie nietoperze - Statystyki

Ogólne statystyki
  • Ten quiz został rozwiązany 2 razy
  • Średni wynik to 4 z 28
Statystyki odpowiedzi
Gatunek % Poprawnych
podkowiec duży
100%
podkowiec mały
100%
gacek brunatny
50%
gacek szary
50%
nocek duży
50%
nocek Natterera
50%
borowiec leśny
0%
borowiec olbrzymi
0%
borowiec wielki
0%
karlik drobny
0%
karlik malutki
0%
karlik płowy
0%
karlik średni
0%
karlik większy
0%
mopek zachodni
0%
mroczak posrebrzany
0%
mroczek pozłocisty
0%
mroczek późny
0%
nocek Alkatoe
0%
nocek Bechsteina
0%
nocek Brandta
0%
nocek łydkowłosy
0%
nocek orzęsiony
0%
nocek ostrouszny
0%
nocek rudy
0%
nocek wąsatek
0%
podkasaniec zwyczajny
0%
przymroczek Saviego
0%
Nie znaleziono quizów pasujących do podanych kryteriów
Rozkład punktacji
Procent ludzi z każdym wynikiem
Percentyl według liczby udzielonych odpowiedzi
Twoja historia wyników
Nie rozwiązałeś tego quizu